000 00281nam a22001217a 4500
082 _a004
_bARO/I
100 _aSUMITA ARORA
245 _aINFORMATICS PRACTICES
_bCLASS XII
260 _aDELHI
_bDHANPAT RAI & CO
_c2010
300 _a672
650 _aIP FOR CLASS XII
_zINDIA
942 _cBK
999 _c587
_d587